| 000 | 00498nam a2200205Ia 4500 | ||
|---|---|---|---|
| 003 | 0100 | ||
| 008 | 130227s9999 xx 000 0 und d | ||
| 040 | _cARRUPELIB | ||
| 050 | _aD16.9947 1981 | ||
| 100 | _aGiddens, Anthony | ||
| 245 | 2 | _aA contemporary critique of historical materialism | |
| 260 | _aLondon | ||
| 260 | _bThe MacMillan Press | ||
| 260 | _C1981 | ||
| 300 | _a294p. | ||
| 300 | _b 22cm. | ||
| 650 | _bNewman, John Henry | ||
| 650 | _cTheology, Catholic | ||
| 942 |
_2lcc _01 |
||
| 999 |
_c5515 _d5515 |
||